Detalles MARC
| 000 -LIDER |
| fixed length control field |
01272nam a2200325 a 4500 |
| 001 - NÚMERO DE CONTROL |
| Identificador de número de control |
|
| 003 - IDENTIFICACDOR DE NÚMERO DE CONTROL |
| control field |
DO-SdBNP |
| 005 - DATE AND TIME OF LATEST TRANSACTION |
| control field |
20220916105620.0 |
| 008 - ELEMENTOS DE LONGITUD FIJA |
| fixed length control field |
081204s2011 dr 001 0 spa d |
| 020 ## - ISBN |
| International Standard Book Number |
9789945074420 |
| 040 ## - FUENTE DE CATALOGACIÓN |
| Agencia que crea de manera original el registro |
DO-SdBNP |
| Idioma de catalogación |
spa |
| Agencia que realiza la transcripción |
BPMSU |
| 082 ## - NÚMERO DE CLASIFICACIÓN DECIMAL DE DEWEY |
| Classification number |
972.9302 |
| Item number |
R696c 2011 |
| Edition number |
22 |
| 100 1# - ASIENTO PRINCIPAL -- NOMBRE PERSONAL |
| Nombre personal |
Rodríguez Morel, Genaro |
| 245 10 - MENCIÓN DE TITULO |
| Título |
Cartas de la Real Audiencia de Santo Domingo (1547-1575) / |
| Mención de responsabilidad |
Genaro Rodríguez Morel. |
| 246 13 - VARIACION DEL TÍTULO |
| Institución que aplica el campo |
Cartas de la Real Audiencia de Santo Domingo (1530-1546) |
| 260 ## - PUBLICACIÓN, DISTRIBUCIÓN, ETC. (PIE DE IMPRENTA) |
| Lugar de publicación, distribución, etc |
Santo Domingo : |
| Nombre del editor, distribuidor, etc. |
Archivo General de la Nación, |
| Fecha de publicación, distribución, etc |
2011 |
| 300 ## - DESCRIPCIÓN FÍSICA |
| Extensión |
387, 485 p. ; |
| Dimensiones |
27 cm. |
| 490 0# - MENCIÓN DE SERIES |
| Mención de serie |
Archivo General de la Nación, |
| Volume/sequential designation |
94/ 149 |
| 490 0# - MENCIÓN DE SERIES |
| Mención de serie |
Academia Dominicana de la Lengua, |
| Volume/sequential designation |
81/44 |
| 500 ## - NOTA GENERAL |
| Materiales especificados |
Incluye índices |
| 590 ## - NOTA LOCAL |
| Enlace |
Inventariado, 2022/VM |
| 610 14 - ENCABEZAMIENTO DE MATERIA--NOMBRE CORPORATIVO |
| Nombre corporativo o de jurisdicción |
Reral Audiencia de Santo Domingo |
| 650 #4 - ENCABEZAMIENTO DE MATERIA--TEMÁTICO |
| Término temático o nombre geográfico como elemento de entrada |
Administración de justicia |
| Subdivisión geográfica |
La Española (Isla) |
| Subdivisión cronológica |
Siglo XVI-XVII |
| Subdivisión de forma |
Fuentes |
| 651 #4 - ENCABEZAMIENTO DE MATERIA--NOMBRE GEOGRÁFICO |
| Nombre geográfico |
República Dominicana |
| Subdivisión temática general |
Historia |
| Subdivisión cronológica |
Periódo colonial,1547-1575 |
| Subdivisión de forma |
Fuentes |
| 651 #4 - ENCABEZAMIENTO DE MATERIA--NOMBRE GEOGRÁFICO |
| Nombre geográfico |
República Dominicana |
| Subdivisión temática general |
Recursos de archivo |
| 710 2# - ASIENTO SECUNDARIO -- NOMBRE CORPORATIVO |
| Nombre corporativo o de jurisdicción |
Archivo General de la Nación (República Dominicana) |
| 740 ## - ASIENTO SECUNDARIO DE TÍTULOS RELACIONADOS O ANALÍTICOS NO CONTROLADOS |
| Título analítico o relacionado no controlado |
Cartas de la Real Audiencia de Santo Domingo (1530-1546) |
| 910 ## - VALIDACIÓN |
| Validación |
VMateo V. |
| 942 ## - ADDED ENTRY ELEMENTS (KOHA) |
| Source of classification or shelving scheme |
Dewey Decimal Classification |
| Koha item type |
Libros |